000 00881nac a22002657a 4500
001 BR6001636
003 BR-BrBNA
005 20240105113010.0
008 230509b bl.|||m| |||| 00| 0 por d
040 _aBR-BrBNA
_bpor
_cBiblioteca Nacional de Agricultura
072 _aE10; U10
090 _aE10 BR6001636
110 1 _aServico Nacional de Recenseamento, Rio de Janeiro, GB (Brasil)
_99386
245 1 _aCenso agricola 1960 Espirito Santo, Rio de Janeiro, Guanabara. 7. recenseamento geral do Brasil
260 3 _aRio de Janeiro, GB (Brasil):
_c1966.
300 _a132 p.
490 _aCenso Agricola. Serie Regional (Brazil)
_vv. 2(10 pt.1-2)
_x
500 _aNumerical data
650 _aCenso agricola
650 _aEspirito Santo
650 _aRio de Janeiro
650 _aGuanabara
909 _a202312
_bLúcia Elande
_c55
_dLúcia Elande
942 _2AGRIS
_n0
_cMS
999 _c261342
_d261342